00589 a2200181 450000100060000002000180000604000240002410000310004824000730007924500680015230000070022036200090022744000120023665000310024894200070027995201040028699900170039046439 a9788508114382 cAnchieta - Aquarius aAlmeida, Fernanda Lopes de10aA Princesa dos cabelos azuis e o Horroroso Homem dos Pântanoslpor10aA Princesa dos cabelos azuis e o Horroroso Homem dos Pântanos a320 a2007 1aÁtica 4aLiteratura infanto-juvenil cBK 00104070a87.1b87.1d2023-11-21l0o028.5 ALM PRIp4265/AQUr2023-11-21 15:12:57w2023-11-21yBK c46439d46439